Comunicazione comunione e chiesa
Saved in:
| Hovedforfatter: | |
|---|---|
| Format: | Bog |
| Sprog: | spansk |
| Udgivet: |
Roma
Studio Romano della Comunicazione Sociale
1973
|
| Serier: | Colla Magisterium, 4
|
| Fag: | |
| Tags: |
Tilføj Tag
Ingen Tags, Vær først til at tagge denne postø!
|
MARC
| LEADER | 00000nam a2200000 a 4500 | ||
|---|---|---|---|
| 001 | UCU1205 | ||
| 003 | CL-VaPUC | ||
| 008 | 960329e19730000IT |||||||||||||||||spa|d | ||
| 082 | 0 | 4 | |a 261.52 |b BAR |2 21 |
| 100 | 0 | |a Baragli, Enrico |e author |9 356826 | |
| 245 | 1 | 0 | |a Comunicazione comunione e chiesa |
| 300 | |a 1447 p | ||
| 942 | |c BK | ||
| 945 | |d 19960329 00:00:00 |a paguirre | ||
| 260 | |a Roma |b Studio Romano della Comunicazione Sociale |c 1973 | ||
| 650 | 0 | |a Medios de comunicación |9 257206 | |
| 650 | 0 | |a Sociedad de masas |9 268060 | |
| 650 | 0 | |a Iglesia Católica |9 256114 | |
| 650 | 0 | |a Religión |9 255164 | |
| 650 | 0 | |a Ética |9 255099 | |
| 583 | |a last modification |c 19960329 00:00:00 |k Rodrigo Vera | ||
| 490 | 0 | |a Colla Magisterium, 4 | |
| 999 | |c 245912 |d 245910 | ||